20 Biggest Cities in Pennsylvania - Statistics

General Stats
  • This quiz has been taken 74 times
    57 since last reset
  • The average score is 12 of 20
Answer Stats
Hint Answer % Correct
49,984 Harrisburg
100%
1,533,828 Philadelphia
100%
303,413 Pittsburgh
100%
92,371 Erie
95%
124,597 Allentown
92%
75,682 Scranton
85%
56,887 Lancaster
77%
42,418 Altoona
67%
94,878 Reading
67%
44,893 York
67%
79,167 Bethlehem
64%
40,779 State College
59%
44,254 Wilkes-Barre
59%
33,933 Chester
46%
27,381 Williamsport
36%
30,022 Easton
33%
26,239 Lebanon
23%
35,764 Norristown
23%
30,078 Hazleton
21%
26,140 Plum
5%
No matching quizzes found
Score Distribution
Percent of People with Each Score
Percentile by Number Answered
Your Score History
You have not taken this quiz since the last reset